Statistics for 東京メトロ銀座線ー全駅

Click here to take the quiz!

General Stats

  • This quiz has been taken 247 times
  • The average score is 14 of 19

Answer Stats

Station NumberStations% Correct
G01渋谷
94%
G09銀座
92%
G16上野
90%
G19浅草
90%
G02表参道
86%
G04青山一丁目
78%
G05赤坂見附
75%
G03外苑前
75%
G18田原町
71%
G15上野広小路
70%
G06溜池山王
69%
G08新橋
66%
G12三越前
66%
G07虎ノ門
65%
G11日本橋
64%
G13神田
64%
G10京橋
63%
G17稲荷町
62%
G14末広町
57%

Score Distribution

Percentile by Number Answered

Percent of People with Each Score

Your Score History

You have not taken this quiz